| 000 | 01146nam a2200193 a 4500 | ||
|---|---|---|---|
| 001 | 000044524 | ||
| 005 | 20201002045432.0 | ||
| 008 | 140704s2009 it ac 000 0 spa d | ||
| 020 | _a9782940401239 | ||
| 040 |
_aDO-SdBNP _bspa _cBNPHU |
||
| 082 |
_axxxx _bxxxx |
||
| 245 | 0 | 0 |
_aMonitoring financial flows for health research 2009 : _bbehind the global numbers / _cedited by Erik Landriault and Stephen A. Matlin. |
| 260 |
_aGeneva, Switzerland : _bGlobal Forum for Health Research, _c2009. |
||
| 300 |
_axii, 196 p. : _bill., maps ; _c27 cm. |
||
| 504 | _aBibliography : P. 190-193 | ||
| 505 | 0 |
_aIgnorance is fatal -- _tComparative study -- _tArgentina: Public funding of health research -- _tBolivia: Public funding of health research -- _tChile: Public funding of health research -- _tParaguay: Public funding of health research -- _tUruguay: Public funding of health research -- _tBrazil: Financing resource flows in health R&D -- _tCuba: Financing of research and innovation for health -- _tThe 2009 Report Card on Financing Research and Development for Health. |
|
| 700 | 1 | 2 |
_aLandriault, Erik, _eed. _972543 |
| 700 | 1 | 2 |
_aMatlin, Stephen A. _eed. _972544 |
| 999 |
_c44013 _d44013 |
||